Comunidad de Madrid por imagen - Estadísticas

Estadísticas generales
  • Esta prueba ha sido intentada 416 veces
  • La puntuación promedio es 13 de 18
Estadísticas de respuestas
Imagen Hint Respuesta % Correcto
(plato) Chocolate con churros
99%
(empresa) El Corte Inglés
96%
(estadio) Santiago Bernabéu
95%
(plato) Patatas Bravas
91%
(calle) Gran Vía
90%
(parque) Parque del Retiro
89%
(fuente) Fuente de Cibeles
88%
(autor) Miguel de Cervantes
87%
(actriz) Penélope Cruz
86%
(monasterio) Real Monasterio de San Lorenzo de El Escorial
83%
(árbol) Madroño
81%
(río) Manzanares
79%
(fiestas) Fiestas de San Isidro Labrador
67%
(sierra) Sierra de Guadarrama
61%
(cuadro) La maja vestida
59%
(ciudad) Móstoles
40%
(universidad) Universidad Complutense de Madrid
30%
(edificio) Real Casa de Correos
19%
No se encontraron pruebas coincidentes
Distribución de puntuación
Porcentaje de gente con cada puntuación
Porcentaje por número respondido
Historial de tus puntuaciones
No has intentado esta prueba.